000 00627cam a2200169ua 4500
041 _aeng
_h
082 _a553.7
_bGRO/DE
110 1 _aGrosvener press international .
_b
_c()
245 _aDeveloping world water
250 _a1 /
_b.
260 _a :
_bGrosvener press international ,
_c1987.
300 _a586 ; .
500 _a**Reference
504 _a
942 _cBK
999 _c10312
_d10312